000
00277cam a2200121ua 4500
082
_a
307.72
_b
RIC/CO
100
_a
Richards, Norah .
_9
1633
245
_a
Country Life /
250
_a
1 /
260
_a
Ludhiyana :
_b
Lyall book depot ,
_c
1970.
300
_a
112 ; .
942
_c
BK
999
_c
2065
_d
2065